000 01138nam a22003257a 4500
003 CHAP
005 20220817042437.0
008 971013s1962 r 00010 d
010 _a44908
011 _a45880
035 _a50020
040 _cCHAP
082 _a338.98
_bU76
100 0 0 _aUrquidi, Víctor L.
_9116979
245 _aViabilidad económica de América Latina
260 _aMéxico, D.F. :
_bFondo de Cultura Económica,
_c1962
300 _a255 p.
_b: ilus.
590 _aBATCH-UPD
_b10
_c20130110
_lUCH01
_h1026
590 _aBATCH-UPD
_b10
_c20130410
_lUCH01
_h0631
590 _aBATCH-UPD
_b10
_c20130914
_lUCH01
_h1150
590 _aCONVERSION
_b10
_c20130109
_lUCH01
_h1325
650 1 4 _aAmerica Latina
_xCondiciones economicas.
_95390
650 1 4 _aDesarrollo económico.
650 1 4 _aPolítica económica
_zAmérica Latina.
_990532
901 _aBK
942 _cLIBRO
949 _a338.98 U76
_bBC
_cLIBRO
_d33724000384491
_eLIBRO
_fc.3
_h6794
_i50020
_mD
_si
949 _a338.98 U76
_bBC
_cLIBRO
_d33724000384509
_eLIBRO
_h27443
_i50020
_mD
_si
949 _a338.98 U76
_bBC
_cLIBRO
_d33724000384517
_eLIBRO
_fc.2
_h6793
_i50020
_mD
_si
999 _c44908
_d44908